000 00569nam a2200181Ia 4500
008 090123s9999 xx 000 0 und d
082 _b2117
_a891.463/नंदा
100 _aनंदा गुलशन
245 _a"कलंकिनी,देवछाया"
250 _a1
260 _bमनोरंजन
300 _a164
600 _aनंदा गुलशन
630 _a"कलंकिनी,देवछाया"
700 _aनंदा गुलशन
730 _a"कलंकिनी,देवछाया"
942 _cBOOK
999 _c40201
_d40201